Préfectures de France : Troyes - Statistiques

Statistiques générales
  • Ce quiz a été pris 136 fois
    131 depuis la dernière actualisation
  • Le résultat moyen est 16 sur 30
Statistiques - réponses
Question Réponse % Correct
Quel numéro porte celui-ci ? 10
100%
De quel département est-ce la préfecture ? Aube
100%
Comment se nomment ses habitants ? Troyens | Troyennes
100%
La ville appartient à l'académie de Reims
97%
A quelle région administrative appartient la ville depuis 2015 ? Grand Est
86%
Les journaux locaux L'Est-{Eclair}
84%
A quelle région administrative appartenait-elle auparavant ? Champagne-Ardennes
77%
Spécialité gastronomique une charcuterie, l'{andouillette}
76%
Les couleurs de fond de son blason sont le/l' bleu
73%
La ville est arrosée par la Seine
71%
Les communes limitrophes au nom commençant par R ou S Sainte-Savine
67%
Quelles sont les sous-préfectures qui en dépendent ? Bar-sur-Aube
61%
La ville est desservie par l'autoroute {A5}
57%
Quelles sont les sous-préfectures qui en dépendent ? Nogent-sur-Seine
52%
La ville appartient au diocèse de/d' Troyes
52%
Les couleurs de fond de son blason sont le/l' or
50%
Les communes limitrophes au nom commençant par R ou S Saint-André-les-Vergers
50%
Spécialité gastronomique une liqueur, la {prunelle}
45%
Les communes limitrophes au nom commençant par R ou S Saint-Julien-les-Villas
42%
Les journaux locaux {Libération}-Champagne
39%
Les communes limitrophes au nom commençant par R ou S Rosières-près-Troyes
33%
Les communes limitrophes au nom commençant par R ou S Saint-Parres-aux-Tertres
32%
La ville est desservie par l'autoroute {A26}
29%
Les couleurs de fond de son blason sont le/l' argent
25%
La cathédrale est dédiée à St {Pierre} et St {Paul}
25%
La ville est située en Champagne crayeuse
15%
Ville européenne jumelée avec la ville (3 possibles) Alkmaar | Brescia | Chesterfield | Darmstadt | Tournai | Zielona Gora
6%
La gare a été mise en service en 1848
4%
La ville est labellisée ville d'art et d'histoire
1%
Le logotype actuel de la ville compte trois oriflammes
1%
Aucun quiz correspondant
Distribution des résultats
% des personnes avec chaque résultat
Percentile par nombre de réponses
Votre historique - résultats
Vous n’avez pas pris ce quiz depuis la dernière actualisation